[Event "CAN-op U2400"]
[Site "Montreal CAN"]
[Date "2014.07.25"]
[Round "8"]
[White "Plotkin, Mark"]
[Black "Enkh-Amar, Galbadrakh"]
[Result "1-0"]
[WhiteElo "2036"]
[BlackElo "2140"]
[PlyCount "119"]
[EventDate "2014.07.19"]
[EventType "swiss"]
[EventRounds "9"]
[EventCountry "CAN"]

1. e4 c6 2. d4 d5 3. f3 e6 4. Nc3 Nf6 5. e5 Nfd7 6. f4 c5 7. Nf3 Nc6 8. Be3 a6
9. Qd2 b5 10. a3 Be7 11. dxc5 Nxc5 12. b4 Nd7 13. Bd3 Nb6 14. Qf2 Nc4 15. Bxc4
bxc4 16. Ne2 O-O 17. Ned4 Nxd4 18. Nxd4 Bd7 19. O-O Qc7 20. Qg3 f6 21. c3 fxe5
22. fxe5 Rxf1+ 23. Rxf1 Rf8 24. Rxf8+ Bxf8 25. h4 Qc8 26. Qg4 Qe8 27. h5 Kh8
28. Ne2 Qf7 29. Nf4 Kg8 30. Bf2 Be7 31. Nxd5 Bh4 32. Nf4 Bd8 33. Bd4 Be7 34.
Nd5 Bd8 35. Ne3 Bb5 36. Bc5 Bc7 37. Bd6 Bb6 38. Bc5 Bc7 39. Nxc4 h6 40. Nd6
Qf1+ 41. Kh2 Bxd6 42. Qxe6+ Qf7 43. Qxf7+ Kxf7 44. exd6 g6 45. hxg6+ Kxg6 46.
c4 Be8 47. a4 Kf6 48. b5 axb5 49. cxb5 Ke6 50. b6 Bc6 51. a5 Bb7 52. g4 Bc8 53.
Kg3 Kd7 54. Kh4 Kc6 55. Kh5 Kb7 56. Be3 Kc6 57. Kxh6 Kxd6 58. g5 Kc6 59. g6 Kb5
60. g7 1-0

[Event "CAN-op U2400"]
[Site "Montreal CAN"]
[Date "2014.07.26"]
[Round "9"]
[White "MacKinnon, Keith"]
[Black "Plotkin, Mark"]
[Result "1/2-1/2"]
[WhiteElo "2165"]
[BlackElo "2036"]
[PlyCount "105"]
[EventDate "2014.07.19"]
[EventType "swiss"]
[EventRounds "9"]
[EventCountry "CAN"]

1. e4 c5 2. Nf3 e6 3. d4 cxd4 4. Nxd4 Nf6 5. Nc3 Bb4 6. e5 Nd5 7. Bd2 Nxc3 8.
bxc3 Be7 9. Qg4 g6 10. Bd3 Nc6 11. Nxc6 bxc6 12. O-O Qa5 13. Rfe1 Ba6 14. Qe2
Bxd3 15. Qxd3 Qd5 16. c4 Qxd3 17. cxd3 O-O 18. Rab1 Rfb8 19. Ba5 d5 20. Kf1 Bd8
21. Bxd8 Rxd8 22. c5 d4 23. f4 Rd5 24. Rec1 g5 25. g3 gxf4 26. gxf4 f6 27. Rb7
fxe5 28. f5 Rad8 29. fxe6 Re8 30. Ke2 Rxe6 31. Rg1+ Rg6 32. Rxg6+ hxg6 33. Rxa7
Rxc5 34. Kd2 Rc3 35. h4 Kf8 36. Ra5 Kf7 37. Rxe5 Ra3 38. Ke2 Rxa2+ 39. Kf3 Rh2
40. Rc5 Rxh4 41. Rxc6 Kg7 42. Kg3 g5 43. Rc7+ Kg6 44. Rc6+ Kh5 45. Rd6 Rg4+ 46.
Kf3 Rh4 47. Kg3 Rf4 48. Rc6 Rf5 49. Rd6 g4 50. Rxd4 Rf3+ 51. Kg2 Kh4 52. Rd8
Re3 53. Rh8+ 1/2-1/2

[Event "CYCC U16"]
[Site "Montreal CAN"]
[Date "2014.07.15"]
[Round "1"]
[White "Plotkin, Mark"]
[Black "Washimkar, Atharva"]
[Result "1-0"]
[WhiteElo "2255"]
[BlackElo "1765"]
[PlyCount "33"]
[EventDate "2014.07.15"]
[EventType "swiss"]
[EventRounds "7"]
[EventCountry "CAN"]

1. e4 c5 2. Nf3 d6 3. d4 cxd4 4. Nxd4 Nf6 5. Nc3 g6 6. f4 Nbd7 7. Nf3 Bg7 8.
Bd3 Qb6 9. a4 Nc5 10. Bb5+ Bd7 11. e5 Nce4 12. Nxe4 Nxe4 13. Bxd7+ Kxd7 14. Qe2
d5 15. Be3 Qxb2 16. O-O Qc3 17. Bd4 1-0

[Event "CYCC U16"]
[Site "Montreal CAN"]
[Date "2014.07.15"]
[Round "2"]
[White "Zhu, Hong Rui"]
[Black "Plotkin, Mark"]
[Result "0-1"]
[WhiteElo "2145"]
[BlackElo "2255"]
[PlyCount "86"]
[EventDate "2014.07.15"]
[EventType "swiss"]
[EventRounds "7"]
[EventCountry "CAN"]

1. e4 c5 2. Ne2 e6 3. g3 Nc6 4. Bg2 g6 5. c3 Nge7 6. d4 cxd4 7. cxd4 d5 8. e5
Nf5 9. Be3 Qb6 10. Qd2 h5 11. Nbc3 Be7 12. O-O h4 13. g4 h3 14. Bh1 Nh4 15. Nf4
Bd7 16. Rac1 Kf8 17. Nxh3 Kg7 18. Nf4 Rh7 19. Nfe2 Rah8 20. f4 Qa6 21. Rcd1 b5
22. b3 Qb6 23. Ng3 Kf8 24. Rf2 Bb4 25. Qd3 Ne7 26. Nb1 Ba5 27. Nd2 a6 28. Rc1
Qa7 29. Rc2 b4 30. Rc1 Bb5 31. Qc2 Bb6 32. Ndf1 Nc6 33. f5 gxf5 34. gxf5 Nxd4
35. Qc8+ Kg7 36. f6+ Kg6 37. Bxd4 Rxc8 38. Bxb6 Qb7 39. Rxc8 Qxc8 40. Rf4 Nf5
41. Rg4+ Kh6 42. Nxf5+ exf5 43. Be3+ Kh5 0-1

[Event "CYCC U16"]
[Site "Montreal CAN"]
[Date "2014.07.17"]
[Round "5"]
[White "Shi, Diwen"]
[Black "Plotkin, Mark"]
[Result "0-1"]
[WhiteElo "2182"]
[BlackElo "2254"]
[PlyCount "82"]
[EventDate "2014.07.15"]
[EventType "swiss"]
[EventRounds "7"]
[EventCountry "CAN"]

1. e4 e5 2. Nf3 Nf6 3. Nc3 Nc6 4. Bb5 d6 5. d4 exd4 6. Nxd4 Bd7 7. Bxc6 Bxc6 8.
O-O Be7 9. Nxc6 bxc6 10. Qd4 O-O 11. b3 Nd7 12. Bb2 Bf6 13. Qe3 Re8 14. Rad1
Nc5 15. f3 a5 16. Rfe1 a4 17. Ba3 Ne6 18. Nxa4 Bg5 19. Qf2 Nf4 20. Qg3 Qf6 21.
Bb2 Qh6 22. Bc1 Re6 23. h4 Ne2+ 24. Rxe2 Bxc1 25. Qe1 Bf4 26. g3 Bxg3 27. Qxg3
Rg6 28. Qxg6 Qxg6+ 29. Kh2 Qf6 30. Kg3 Re8 31. Rf1 d5 32. Rff2 dxe4 33. fxe4
Qe5+ 34. Kf3 Re6 35. Rh2 f5 36. Ke3 Rd6 37. Rhg2 Qxe4+ 38. Kf2 Qxh4+ 39. Kf3
Rd1 40. Ke3 Qe4+ 41. Kf2 Qf4# 0-1

[Event "CYCC U16"]
[Site "Montreal CAN"]
[Date "2014.07.17"]
[Round "6"]
[White "Dorrance, Adam"]
[Black "Plotkin, Mark"]
[Result "0-1"]
[WhiteElo "2234"]
[BlackElo "2255"]
[PlyCount "68"]
[EventDate "2014.07.15"]
[EventType "swiss"]
[EventRounds "7"]
[EventCountry "CAN"]

1. d4 Nf6 2. Nf3 g6 3. g3 Bg7 4. Bg2 O-O 5. O-O d5 6. Nbd2 Nc6 7. c4 dxc4 8.
Nxc4 Nd5 9. a3 Nb6 10. Nxb6 axb6 11. e3 Be6 12. Nd2 Qd7 13. b3 Bh3 14. Bxh3
Qxh3 15. Bb2 Rfd8 16. f4 Qd7 17. Bc3 Na7 18. a4 c5 19. Nf3 Nc6 20. Ne5 Qd5 21.
Nc4 cxd4 22. exd4 Nxd4 23. h3 Qc5 24. Kh2 Nb5 25. axb5 Rxd1 26. Rxa8+ Bf8 27.
Bb4 Qd4 28. Rxd1 Qxd1 29. h4 f6 30. Nxb6 Qe2+ 31. Kh3 Qe6+ 32. Kh2 Qxb6 33.
Bxe7 Qf2+ 34. Kh3 Qf1+ 0-1

[Event "CYCC U16"]
[Site "Montreal CAN"]
[Date "2014.07.18"]
[Round "7"]
[White "Plotkin, Mark"]
[Black "Yu, Zong Yang"]
[Result "0-1"]
[WhiteElo "2254"]
[BlackElo "2196"]
[PlyCount "141"]
[EventDate "2014.07.15"]
[EventType "swiss"]
[EventRounds "7"]
[EventCountry "CAN"]

1. e4 c5 2. Nf3 d6 3. d4 cxd4 4. Nxd4 Nf6 5. Nc3 g6 6. f4 Nbd7 7. Nf3 Bg7 8.
Bd3 O-O 9. O-O Nc5 10. Qe1 e5 11. Kh1 b6 12. Qh4 d5 13. fxe5 Nfxe4 14. Qe1 Bb7
15. Bf4 Rc8 16. Rd1 Qe7 17. Bxe4 dxe4 18. Ng5 f5 19. exf6 Rxf6 20. Be3 Re8 21.
Nh3 Qf7 22. Rxf6 Bxf6 23. Nb5 Qxa2 24. Nd6 Re7 25. b4 Ne6 26. Qf2 Bg7 27. Ng5
Nxg5 28. Bxg5 Rd7 29. Bf4 Qe6 30. Qg3 e3 31. Re1 e2 32. h4 Bf8 33. Nxb7 Rxb7
34. Qf3 Re7 35. g3 Re8 36. c3 a5 37. Bd2 Bg7 38. Kg2 a4 39. h5 a3 40. h6 Bh8
41. Qd3 a2 42. Ra1 Bf6 43. Qf3 Rd8 44. Be1 Bg5 45. Bf2 Bxh6 46. Re1 Re8 47. Qd3
Qe4+ 48. Qxe4 Rxe4 49. Ra1 Bd2 50. Rxa2 e1=Q 51. Bxe1 Bxe1 52. Ra8+ Kg7 53. Ra6
Bxc3 54. Rxb6 Rxb4 55. Rc6 Be5 56. Rc5 Kf6 57. Rc6+ Kf5 58. Kh3 Rb3 59. Kg2
Rxg3+ 60. Kh1 Rc3 61. Ra6 Rc2 62. Ra8 h5 63. Rf8+ Bf6 64. Ra8 g5 65. Ra5+ Be5
66. Ra8 g4 67. Rf8+ Bf6 68. Re8 h4 69. Re1 Bg5 70. Rf1+ Bf4 71. Ra1 0-1

[Event "Toronto op"]
[Site "Toronto, CAN"]
[Date "2014.04.18"]
[Round "1"]
[White "Plotkin, Mark"]
[Black "Cheng, Bindi"]
[Result "1-0"]
[WhiteElo "2247"]
[BlackElo "2522"]
[PlyCount "85"]
[EventDate "2014.04.18"]
[EventType "swiss"]
[EventRounds "6"]
[EventCountry "CAN"]

1. e4 c5 2. Nf3 d6 3. d4 Nf6 4. Nc3 cxd4 5. Nxd4 a6 6. Be2 e6 7. O-O Be7 8. Be3
O-O 9. f4 Nc6 10. Kh1 Qc7 11. Qe1 Nxd4 12. Bxd4 b5 13. Bd3 Bb7 14. Qg3 Nh5 15.
Qh3 Nxf4 16. Rxf4 e5 17. Nd5 Bxd5 18. exd5 g6 19. Raf1 exf4 20. Qh6 f6 21. Bxg6
Bd8 22. Bf5 Qg7 23. Be6+ Kh8 24. Qxf4 Rb8 25. Rf3 Bb6 26. Rg3 Qe7 27. Rg8+ Rxg8
28. Bxf6+ Qxf6 29. Qxf6+ Rg7 30. h4 Re8 31. h5 Bd8 32. Qf4 Bg5 33. Qxd6 h6 34.
Qxa6 Bf4 35. Qxb5 Rb8 36. Qf1 Bd6 37. Qf6 Rf8 38. Bf7 Be7 39. Qxe7 Rgxf7 40.
Qe5+ Kh7 41. d6 Rf5 42. Qe4 Kg7 43. d7 1-0

[Event "Toronto op"]
[Site "Toronto, CAN"]
[Date "2014.04.18"]
[Round "2"]
[White "Plotkin, Mark"]
[Black "Sambuev, Bator"]
[Result "0-1"]
[WhiteElo "2247"]
[BlackElo "2727"]
[PlyCount "92"]
[EventDate "2014.04.18"]
[EventType "swiss"]
[EventRounds "6"]
[EventCountry "CAN"]

1. e4 e5 2. Nf3 d6 3. d4 Nf6 4. Nc3 Nbd7 5. Be2 Be7 6. h3 c6 7. a4 O-O 8. Be3
exd4 9. Bxd4 Re8 10. O-O Bf8 11. Bd3 Ne5 12. Re1 Nxd3 13. Qxd3 Nd7 14. Rad1 Qc7
15. Nh4 Ne5 16. Qg3 Bd7 17. Nf5 Bxf5 18. exf5 Qa5 19. Ne4 Kh8 20. Ng5 f6 21.
Bxe5 fxg5 22. Bc3 Qxf5 23. Rxe8 Rxe8 24. Rd3 Qf4 25. Qxf4 gxf4 26. Rd4 Kg8 27.
Rxf4 Re2 28. a5 d5 29. Rf5 Rxc2 30. g4 b5 31. axb6 axb6 32. h4 b5 33. h5 b4 34.
Be5 Be7 35. b3 g6 36. Rf3 Re2 37. Bf6 Re1+ 38. Kg2 gxh5 39. gxh5 c5 40. h6 Bxf6
41. Rxf6 c4 42. bxc4 dxc4 43. Rc6 b3 44. Rxc4 b2 45. Rc8+ Kf7 46. Rc7+ Re7 0-1

[Event "Toronto op"]
[Site "Toronto, CAN"]
[Date "2014.04.19"]
[Round "4"]
[White "Derraugh, Geordie"]
[Black "Plotkin, Mark"]
[Result "1-0"]
[WhiteElo "2368"]
[BlackElo "2247"]
[PlyCount "73"]
[EventDate "2014.04.18"]
[EventType "swiss"]
[EventRounds "6"]
[EventCountry "CAN"]

1. e4 c5 2. Nf3 e6 3. d4 cxd4 4. Nxd4 Nf6 5. Nc3 Bb4 6. Bd3 d5 7. exd5 Nxd5 8.
Nde2 Nc6 9. O-O O-O 10. Nxd5 exd5 11. Nf4 Ne7 12. Qf3 Be6 13. c3 Bd6 14. Re1
Qd7 15. Nxe6 fxe6 16. Qh3 Nf5 17. g4 Nh6 18. Bxh6 gxh6 19. Qxh6 Rae8 20. Re2
Bf4 21. Qh5 Re7 22. Kh1 e5 23. Rd1 Qc6 24. Bc2 Qc4 25. g5 Qxa2 26. b3 Qa5 27.
b4 Qb5 28. Bb3 Rd8 29. Qf3 Red7 30. Ra2 Kh8 31. Ra5 Qb6 32. Bxd5 Bxg5 33. Rg1
Qh6 34. Qf5 Bf4 35. h3 Qd6 36. Be6 Rf8 37. Rd5 1-0

[Event "Toronto op"]
[Site "Toronto, CAN"]
[Date "2014.04.20"]
[Round "5"]
[White "Plotkin, Mark"]
[Black "Zhang, Yuanchen"]
[Result "0-1"]
[WhiteElo "2247"]
[BlackElo "2305"]
[PlyCount "75"]
[EventDate "2014.04.18"]
[EventType "swiss"]
[EventRounds "6"]
[EventCountry "CAN"]

1. e4 e5 2. Nf3 Nc6 3. Nc3 Nf6 4. Bb5 Bb4 5. Nd5 Bc5 6. d3 h6 7. Be3 Bxe3 8.
fxe3 O-O 9. O-O d6 10. Qe1 Nxd5 11. exd5 Ne7 12. c4 c6 13. dxc6 bxc6 14. Ba4
Be6 15. c5 f6 16. d4 e4 17. Nd2 f5 18. cxd6 Qxd6 19. Bb3 Bxb3 20. axb3 Nd5 21.
Nc4 Qe6 22. Qg3 f4 23. exf4 Qf6 24. Ne5 Nxf4 25. Rfe1 Rad8 26. Qe3 Qg5 27. g4
c5 28. Ra5 Qh4 29. dxc5 Nh3+ 30. Kh1 Nf2+ 31. Kg1 Nh3+ 32. Kh1 Rfe8 33. c6 Nf2+
34. Kg2 Rxe5 35. Rxe5 Nxg4 36. Qf4 Rd2+ 37. Qxd2 Qxh2+ 38. Kf1 0-1

[Event "Toronto op"]
[Site "Toronto, CAN"]
[Date "2014.04.20"]
[Round "6"]
[White "Du, Digeng"]
[Black "Plotkin, Mark"]
[Result "1/2-1/2"]
[WhiteElo "2286"]
[BlackElo "2247"]
[PlyCount "30"]
[EventDate "2014.04.18"]
[EventType "swiss"]
[EventRounds "6"]
[EventCountry "CAN"]

1. d4 Nf6 2. c4 e6 3. Nf3 d5 4. g3 Be7 5. Bg2 O-O 6. O-O c6 7. Qc2 Nbd7 8. Bf4
b6 9. Rd1 Ba6 10. b3 Ne4 11. Nc3 f5 12. Ne5 Nxe5 13. Bxe5 Bb4 14. Nxe4 fxe4 15.
Bh3 Qe7 1/2-1/2

[Event "Toronto Closed"]
[Site "Toronto CAN"]
[Date "2014.03.17"]
[Round "1"]
[White "Plotkin, Mark"]
[Black "Du, Digeng"]
[Result "0-1"]
[WhiteElo "2247"]
[BlackElo "2286"]
[PlyCount "45"]
[EventDate "2014.03.17"]
[EventType "tourn"]
[EventRounds "7"]
[EventCountry "CAN"]

1. e4 d6 2. d4 Nf6 3. Nc3 g6 4. f3 c6 5. Be3 Qb6 6. a3 Nbd7 7. Bc4 Bg7 8. Nge2
O-O 9. g4 e5 10. Bb3 Qa5 11. d5 c5 12. Ng3 b5 13. Qd2 c4 14. Ba2 Nc5 15. Bh6 a6
16. h4 Ra7 17. h5 Bxh6 18. Qxh6 Na4 19. Qe3 Nxc3 20. bxc3 Rb7 21. Kd2 Qb6 22.
Qe1 Qc5 23. Qc1 0-1

[Event "Aurora Fall op"]
[Site "Aurora CAN"]
[Date "2013.10.19"]
[Round "1.4"]
[White "Song, Michael"]
[Black "Plotkin, Mark"]
[Result "1-0"]
[WhiteElo "2345"]
[BlackElo "2393"]
[PlyCount "55"]
[EventDate "2013.10.19"]
[EventType "swiss"]
[EventRounds "5"]
[EventCountry "CAN"]

1. d4 b6 2. e4 Bb7 3. Bd3 Nf6 4. Nd2 e6 5. Ngf3 d5 6. e5 Ne4 7. Qe2 Nxd2 8.
Bxd2 Be7 9. h4 c5 10. c3 Nc6 11. Rh3 Qc7 12. Rg3 g6 13. Rc1 c4 14. Bb1 b5 15.
Ng5 Nd8 16. h5 a5 17. Rh3 Bxg5 18. Bxg5 Rg8 19. hxg6 hxg6 20. Rh7 a4 21. a3 Nc6
22. Qe3 Nb8 23. Qf4 Na6 24. Qf6 b4 25. axb4 Nxb4 26. cxb4 a3 27. bxa3 Rxa3 28.
Rxf7 1-0

[Event "Aurora Fall op"]
[Site "Aurora CAN"]
[Date "2013.10.19"]
[Round "2.10"]
[White "Plotkin, Mark"]
[Black "Noritsyn, Sergey"]
[Result "1-0"]
[WhiteElo "2393"]
[BlackElo "2049"]
[PlyCount "79"]
[EventDate "2013.10.19"]
[EventType "swiss"]
[EventRounds "5"]
[EventCountry "CAN"]

1. Nf3 d5 2. d4 Nf6 3. Bg5 e6 4. Nbd2 Be7 5. e3 O-O 6. Bd3 b6 7. Qe2 c5 8. c3
Nc6 9. h4 c4 10. Bc2 b5 11. e4 b4 12. e5 bxc3 13. bxc3 Ne8 14. Bxe7 Qxe7 15.
Bxh7+ Kxh7 16. Ng5+ Kg6 17. Rh3 f6 18. Nde4 fxg5 19. hxg5 dxe4 20. Qh5+ Kf5 21.
Rg3 Rh8 22. Qxh8 Nxe5 23. Qh7+ Kf4 24. dxe5 Kxe5 25. Rd1 Nd6 26. Qh2 Kf5 27.
Qh7+ Ke5 28. Rg4 Bb7 29. Qh2+ Kf5 30. Qf4+ Kg6 31. Qxd6 Qf7 32. Rf4 Qg8 33. Qe7
Bd5 34. Rxd5 exd5 35. Qd6+ Kh5 36. g6 Qc8 37. g4+ Kh4 38. Qxd5 Qh8 39. g5+ Kh5
40. Qd1+ 1-0

[Event "Aurora Fall op"]
[Site "Aurora CAN"]
[Date "2013.10.19"]
[Round "3.8"]
[White "Derraugh, Geordie"]
[Black "Plotkin, Mark"]
[Result "0-1"]
[WhiteElo "2300"]
[BlackElo "2393"]
[PlyCount "104"]
[EventDate "2013.10.19"]
[EventType "swiss"]
[EventRounds "5"]
[EventCountry "CAN"]

1. e4 e5 2. Nf3 Nf6 3. Nxe5 d6 4. Nf3 Nxe4 5. d4 Be7 6. Bd3 Nf6 7. O-O O-O 8.
h3 Nc6 9. a3 Re8 10. c4 d5 11. Nc3 Be6 12. cxd5 Nxd5 13. Qc2 h6 14. Ne4 Nb6 15.
Nc5 Bd5 16. Be4 Nxd4 17. Nxd4 Bxc5 18. Qxc5 Bxe4 19. f3 Qd5 20. Qc3 Bg6 21. Bf4
Na4 22. Qd2 c5 23. Nb5 Qxd2 24. Bxd2 Bd3 25. Nc7 Bxf1 26. Kxf1 Nxb2 27. Nxa8
Rxa8 28. Bc3 Na4 29. Be5 Re8 30. Bd6 Rd8 31. Bf4 b5 32. Be3 a6 33. Ke2 c4 34.
Bd2 c3 35. Be1 a5 36. Rb1 Rc8 37. Kd3 Nb2+ 38. Kc2 Nc4 39. Rb3 a4 40. Rxc3
Nxa3+ 41. Kd3 Rd8+ 42. Ke2 b4 43. Rd3 Re8+ 44. Kd1 b3 45. Bc3 Nc4 46. Rd4 b2
47. Bxb2 Nxb2+ 48. Kc1 Re2 49. g4 a3 50. Kb1 Re3 51. f4 Rd3 52. Rb4 Rxh3 0-1

[Event "Aurora Fall op"]
[Site "Aurora CAN"]
[Date "2013.10.20"]
[Round "4.3"]
[White "Plotkin, Mark"]
[Black "Cheng, Bindi"]
[Result "0-1"]
[WhiteElo "2393"]
[BlackElo "2548"]
[PlyCount "84"]
[EventDate "2013.10.19"]
[EventType "swiss"]
[EventRounds "5"]
[EventCountry "CAN"]

1. e4 g6 2. d4 Bg7 3. Nc3 d6 4. Be3 c6 5. a4 Qb6 6. Qd2 a5 7. Nge2 Na6 8. f3
Nb4 9. g4 h5 10. gxh5 Rxh5 11. Nf4 Rh8 12. Bc4 Bxd4 13. Bxd4 Qxd4 14. Bd3 Nf6
15. O-O-O Qc5 16. Kb1 g5 17. e5 Qxe5 18. Ng2 Qc5 19. h4 gxh4 20. Rxh4 Rxh4 21.
Nxh4 Be6 22. Re1 O-O-O 23. Ng6 Re8 24. Nf4 Qg5 25. Qh2 Bd7 26. Rg1 Qe5 27. Qh4
Qd4 28. Rd1 Nfd5 29. Nce2 Qf6 30. Qg3 Qh6 31. Nxd5 Nxd5 32. Be4 Nf6 33. Bd3 Qe3
34. Nc1 Rg8 35. Qh4 Qxf3 36. Re1 Be6 37. Qd4 Qd5 38. Qf2 Qc5 39. Qh2 Qb4 40.
Qf2 Qxa4 41. Qa7 Qb4 42. Rf1 Qc5 0-1

[Event "CAN-op"]
[Site "Ottawa CAN"]
[Date "2013.07.14"]
[Round "2"]
[White "Arencibia, Walter"]
[Black "Plotkin, Mark"]
[Result "1-0"]
[WhiteElo "2526"]
[BlackElo "2223"]
[PlyCount "49"]
[EventDate "2013.07.13"]
[EventType "swiss"]
[EventRounds "9"]
[EventCountry "CAN"]

1. d4 Nf6 2. c4 e6 3. Nc3 Bb4 4. e3 d5 5. Nf3 O-O 6. Bd3 dxc4 7. Bxc4 a6 8. a3
Be7 9. b4 b5 10. Bd3 Bb7 11. O-O Nbd7 12. e4 c6 13. Qc2 g6 14. Bd2 a5 15. e5
Ne8 16. Ne4 axb4 17. Bxb4 Bxb4 18. axb4 Rxa1 19. Rxa1 Qb6 20. Qd2 Ng7 21. Nd6
Nf5 22. Bxf5 exf5 23. h4 Ra8 24. Rxa8+ Bxa8 25. Qa2 1-0

[Event "CYCC U16"]
[Site "Ottawa CAN"]
[Date "2013.07.10"]
[Round "1"]
[White "Dukic, Zachary"]
[Black "Plotkin, Mark"]
[Result "1/2-1/2"]
[WhiteElo "1960"]
[BlackElo "2223"]
[PlyCount "125"]
[EventDate "2013.07.10"]
[EventType "swiss"]
[EventRounds "6"]
[EventCountry "CAN"]

1. e4 e5 2. Nf3 Nf6 3. d4 exd4 4. e5 Ne4 5. Qxd4 d5 6. exd6 Nxd6 7. Bg5 Nc6 8.
Bxd8 Nxd4 9. Nxd4 Kxd8 10. Nc3 c6 11. O-O-O Kc7 12. Bd3 Be7 13. h3 Bg5+ 14. Kb1
Bf6 15. Nde2 Re8 16. Rhe1 Bd7 17. Ng3 Bxc3 18. bxc3 c5 19. f3 Bc6 20. Nh5 c4
21. Bf1 Rxe1 22. Rxe1 Rg8 23. Kb2 a5 24. Re5 h6 25. f4 g5 26. g4 b5 27. Nf6 Rg6
28. fxg5 hxg5 29. Nd5+ Bxd5 30. Rxd5 Rf6 31. Bg2 Rf2 32. Rc5+ Kd8 33. Bc6 b4
34. Rxg5 Kc7 35. Bd5 Kb6 36. h4 f6 37. Rh5 f5 38. gxf5 Kc5 39. Be6 bxc3+ 40.
Kxc3 Nb5+ 41. Kb2 Kb4 42. Kc1 Nd4 43. Kd1 Nf3 44. Rh8 Rd2+ 45. Kc1 Re2 46. Bxc4
Kxc4 47. f6 Re1+ 48. Kb2 Nxh4 49. f7 Ng6 50. f8=Q Nxf8 51. Rxf8 Re3 52. Rf5 a4
53. a3 Re7 54. Rf4+ Kb5 55. Rf5+ Kc4 56. Rf4+ Kb5 57. Rb4+ Ka5 58. Rb8 Rc7 59.
Rb4 Rc5 60. Rh4 Rg5 61. Rh3 Rc5 62. Rc3 Rb5+ 63. Ka2 1/2-1/2

[Event "CYCC U16"]
[Site "Ottawa CAN"]
[Date "2013.07.10"]
[Round "2"]
[White "Plotkin, Mark"]
[Black "Johnson, Nicholas"]
[Result "1-0"]
[WhiteElo "2223"]
[BlackElo "1817"]
[PlyCount "149"]
[EventDate "2013.07.10"]
[EventType "swiss"]
[EventRounds "6"]
[EventCountry "CAN"]

1. e4 e6 2. d4 d5 3. Nc3 Nf6 4. exd5 exd5 5. Bg5 Be7 6. Nf3 Bf5 7. Bd3 Bxd3 8.
Qxd3 c6 9. Ne5 O-O 10. h4 Nbd7 11. O-O-O Re8 12. Rdg1 Nxe5 13. dxe5 Ng4 14. Qf5
Qc8 15. Qxc8 Raxc8 16. Bxe7 Rxe7 17. f4 h5 18. Re1 Rce8 19. Kd2 b5 20. Rhf1 Nh6
21. Nd1 Nf5 22. Ne3 Ng3 23. Rf3 Ne4+ 24. Kd3 g6 25. g4 f6 26. gxh5 gxh5 27. Nf5
Rc7 28. Nd6 Nc5+ 29. Kd4 Ne6+ 30. Kc3 Rd8 31. Rg1+ Rg7 32. Rxg7+ Kxg7 33. Nf5+
Kf7 34. Rg3 a5 35. Nh6+ Ke7 36. f5 d4+ 37. Kd2 fxe5 38. fxe6 Kxe6 39. Rg5 Kf6
40. Rxh5 Kg6 41. Rxe5 Kxh6 42. Re6+ Kh5 43. Rxc6 Kxh4 44. Rc5 Rb8 45. Kd3 Kg4
46. Kxd4 Kf4 47. Rc6 a4 48. Kc5 a3 49. bxa3 Ra8 50. Kb4 Ra4+ 51. Kb3 Ke4 52.
Rc5 Ra5 53. c3 Kd3 54. Rd5+ Ke4 55. Rd4+ Ke5 56. a4 bxa4+ 57. Rxa4 Rc5 58. Rc4
Rb5+ 59. Rb4 Ra5 60. a4 Kd6 61. Rb5 Ra8 62. Kb4 Kc6 63. a5 Rh8 64. a6 Ra8 65.
Ka5 Ra7 66. Rb6+ Kc5 67. Rb7 Ra8 68. Rc7+ Kd6 69. Kb6 Rxa6+ 70. Kxa6 Kxc7 71.
Kb5 Kd6 72. c4 Kd7 73. Kb6 Kc8 74. Kc6 Kd8 75. Kb7 1-0

[Event "CYCC U16"]
[Site "Ottawa CAN"]
[Date "2013.07.11"]
[Round "3"]
[White "Deatrick, Alexander"]
[Black "Plotkin, Mark"]
[Result "1-0"]
[WhiteElo "2122"]
[BlackElo "2223"]
[PlyCount "68"]
[EventDate "2013.07.10"]
[EventType "swiss"]
[EventRounds "6"]
[EventCountry "CAN"]

1. Nf3 Nf6 2. c4 e6 3. g3 b6 4. Bg2 Bb7 5. O-O Be7 6. b3 O-O 7. Bb2 c5 8. Nc3
Ne4 9. Qc2 Nxc3 10. Bxc3 d6 11. Ng5 Bxg5 12. Bxb7 Nd7 13. Bxa8 Qxa8 14. d4 Be7
15. b4 Rc8 16. bxc5 bxc5 17. Qd3 Qb7 18. Rfc1 Bf6 19. dxc5 Nxc5 20. Qe3 Be7 21.
Bd4 Qa6 22. Bxc5 Rxc5 23. Rab1 Qxa2 24. Rb8+ Bf8 25. Qe4 d5 26. Qh4 f6 27. Qh5
Qa4 28. Rb7 Rc8 29. Qf7+ Kh8 30. Rc7 Ra8 31. cxd5 Qe8 32. Qxe8 Rxe8 33. Rc8
Rxc8 34. Rxc8 exd5 1-0

[Event "CYCC U16"]
[Site "Ottawa CAN"]
[Date "2013.07.11"]
[Round "4"]
[White "Plotkin, Mark"]
[Black "Hui, Jeremy"]
[Result "1/2-1/2"]
[WhiteElo "2223"]
[BlackElo "1976"]
[PlyCount "104"]
[EventDate "2013.07.10"]
[EventType "swiss"]
[EventRounds "6"]
[EventCountry "CAN"]

1. e4 e6 2. d4 d5 3. Nc3 Bb4 4. exd5 exd5 5. Bd3 Nc6 6. Nge2 Nge7 7. a3 Bd6 8.
Nb5 Bf5 9. Nxd6+ Qxd6 10. Bf4 Qd7 11. c3 O-O 12. O-O Bxd3 13. Qxd3 Ng6 14. Bg3
Nce7 15. Rfe1 c6 16. Qd2 Rfe8 17. Nc1 b6 18. Nd3 f6 19. Re2 Nf5 20. Rae1 Kf7
21. f3 Rxe2 22. Qxe2 Nxg3 23. hxg3 Re8 24. Qxe8+ Qxe8 25. Rxe8 Kxe8 26. Kf2 Kd7
27. Ke3 Ke6 28. g4 Ne7 29. b3 Nc8 30. Nf4+ Kf7 31. Nd3 Ke6 32. c4 Ne7 33. c5 b5
34. a4 bxa4 35. bxa4 h6 36. Nf4+ Kf7 37. Ne2 g5 38. a5 f5 39. Nc3 Kg6 40. Na4
h5 41. gxh5+ Kxh5 42. Nb6 f4+ 43. Ke2 Kh4 44. Kf2 g4 45. fxg4 Kxg4 46. Nd7 Ng6
47. Ke2 Kf5 48. Nb8 Ne7 49. Kf3 Kg5 50. Ke2 Kg4 51. Kf2 Kf5 52. Kf3 Kg5 1/2-1/2

[Event "CYCC U16"]
[Site "Ottawa CAN"]
[Date "2013.07.12"]
[Round "5"]
[White "Sun, Mike"]
[Black "Plotkin, Mark"]
[Result "0-1"]
[WhiteElo "2080"]
[BlackElo "2223"]
[PlyCount "90"]
[EventDate "2013.07.10"]
[EventType "swiss"]
[EventRounds "6"]
[EventCountry "CAN"]

1. e4 c5 2. c3 Nf6 3. e5 Nd5 4. g3 Nc6 5. Bg2 Nb6 6. Nf3 d5 7. exd6 exd6 8. O-O
Be7 9. d4 O-O 10. Na3 Bg4 11. Nc2 c4 12. Ne3 Bh5 13. Qe2 d5 14. b3 Na5 15. b4
Nc6 16. b5 Nb8 17. a4 a6 18. bxa6 Rxa6 19. g4 Bg6 20. Ne5 Nc6 21. Nxg6 hxg6 22.
a5 Rxa5 23. Rxa5 Nxa5 24. Qf3 Bg5 25. Nxd5 Qxd5 26. Qxd5 Nxd5 27. Bxd5 Bxc1 28.
Rxc1 Rd8 29. Bf3 b5 30. Bd1 Re8 31. Bc2 Nb7 32. Kf1 Nd6 33. Re1 Ra8 34. Ke2 Ra2
35. Kd2 b4 36. cxb4 Nb5 37. Kc1 Nxd4 38. Bd1 c3 39. Kb1 Rxf2 40. Ba4 Rb2+ 41.
Ka1 Rxb4 42. Re8+ Kh7 43. Bd1 c2 44. Bxc2 Nxc2+ 45. Ka2 Rxg4 0-1

[Event "CYCC U16"]
[Site "Ottawa CAN"]
[Date "2013.07.13"]
[Round "6"]
[White "Plotkin, Mark"]
[Black "Dorrance, Adam"]
[Result "0-1"]
[WhiteElo "2223"]
[BlackElo "2185"]
[PlyCount "42"]
[EventDate "2013.07.10"]
[EventType "swiss"]
[EventRounds "6"]
[EventCountry "CAN"]

1. d4 d5 2. Nf3 Nf6 3. c4 e6 4. Nc3 c6 5. e3 Nbd7 6. Bd3 dxc4 7. Bxc4 b5 8. Bd3
Bb7 9. O-O a6 10. e4 b4 11. e5 bxc3 12. exf6 c2 13. Bxc2 Nxf6 14. Ne5 Be7 15.
Bg5 h6 16. Bh4 Qb6 17. Qd3 Rd8 18. Rfd1 Qb5 19. Qg3 g5 20. Bb3 gxh4 21. Qg7 Rh7
0-1

[Event "Aurora Summer op"]
[Site "Aurora CAN"]
[Date "2013.07.06"]
[Round "1.7"]
[White "Zotkin, Daniel"]
[Black "Plotkin, Mark"]
[Result "0-1"]
[WhiteElo "1942"]
[BlackElo "2223"]
[PlyCount "122"]
[EventDate "2013.07.06"]
[EventType "swiss"]
[EventRounds "5"]
[EventCountry "CAN"]

1. e4 e5 2. Nf3 Nf6 3. Nxe5 d6 4. Nf3 Nxe4 5. d3 Nf6 6. Bg5 Be7 7. Nc3 O-O 8.
Be2 Nbd7 9. O-O h6 10. Bh4 Re8 11. d4 Nf8 12. h3 Ng6 13. Bg3 Nh5 14. Nd5 Bf8
15. Bd3 c6 16. Bxg6 fxg6 17. Nf4 Nxg3 18. fxg3 g5 19. Ng6 Bf5 20. Nxf8 Rxf8 21.
c3 Qb6 22. Qb3+ Qxb3 23. axb3 Be6 24. b4 a6 25. g4 Bc4 26. Rfe1 Rae8 27. Nd2
Bd5 28. c4 Bf7 29. Rac1 Re6 30. Rxe6 Bxe6 31. Re1 Kf7 32. Rf1+ Ke7 33. Rxf8
Kxf8 34. Kf2 Ke7 35. Ke3 b5 36. b3 Bf7 37. Kd3 Bg6+ 38. Kc3 Ke6 39. Nf3 Be4 40.
Kd2 Kd7 41. Kc3 Kc7 42. Kd2 Kb7 43. Ne1 Kb6 44. Kc3 c5 45. bxc5+ dxc5 46. cxb5
axb5 47. dxc5+ Kxc5 48. b4+ Kd5 49. Nf3 g6 50. Ne1 Ke5 51. Nf3+ Kf4 52. Kd4 h5
53. gxh5 gxh5 54. Nxg5 Bxg2 55. Ne6+ Kg3 56. Ng7 h4 57. Ke3 Bxh3 58. Nh5+ Kg4
59. Nf4 Bf1 60. Nd5 h3 61. Kf2 h2 0-1